Obálka Náhled e-knihy:
Epub
Pro půjčování e-knih musíte být přihlášeni.
Jak si půjčit online?

Život vítězí /

Uloženo v:
Hlavní autor: Gottfried, Jaroslav (Autor)
Médium: E-kniha
Jazyk:Czech
Vydáno: Praha : Albatros Media a.s., 2001
Tagy:
Žádné tagy
LEADER 00857nam a22002177i 4500
001 307848
007 ta
008 260601s2001 xr ||||| |||| 00| 0 cze d
020 |a 9990000082766 
044 |a xr 
100 1 |a  Gottfried, Jaroslav  |4 aut 
245 1 0 |a Život vítězí /  |c  Gottfried, Jaroslav 
264 1 |a Praha :  |b Albatros Media a.s.,  |c 2001 
300 |a 1 online zdroj 
336 |a text  |b txt  |2 rdacontent 
337 |a bez média  |b n  |2 rdamedia 
338 |a online zdroj  |b cr  |2 rdacarrier 
910 |a RBIT002 
998 |d 8276  |a https://core.palmknihy.cz/api/books/8276/cover?y5j75o  |b https://core.palmknihy.cz/api/books/8276/cover/400?a9eiij  |c https://core.palmknihy.cz/api/books/8276/cover/50?m9y882  |e   |i 9990000082766  |j https://core.palmknihy.cz/api/books/8276/preview.epub  |l   |q 0  |r 1  |s https://www.palmknihy.cz/kniha/8276  |t ebook  |y 2001  |z 1 
999 |d 307846